000 00618nam a2200229Ia 4500
003 OSt
005 20220918214141.0
006 a|||||r|||| 00| 0
007 ta
008 220917b |||||||| |||| 00| 0 eng d
024 _a136,036
037 _cTextual
040 _aARTS
_cARTS
_beng
041 _2eng
_aeng
082 _aX755.60r58.N7, L6
100 _aStevens christopher
_9113738
245 0 _aSoviet Union and black Africa
260 _aLondon
_bMacmillan
_c1976
650 _aECONOMICS
942 _hX755.60r58.N7, L6
_cTEXL
_2CC
999 _c259126
_d259126